Lin Huiyin shi wen ji : er shi shi ji Zhongguo "di yi dai cai nü" /

Saved in:
Bibliographic Details
Main Author: Lin, Huiyin, 1904-1955.
Format: Book
Language:Chinese
Published: Shanghai Shi : Shanghai san lian shu dian, 2006.
Edition:Di 1 ban.
Tags: Add Tag
No Tags, Be the first to tag this record!
LEADER 01086cam a2200301Ia 4500
001 010220249-4
005 20081217133439.0
008 060920s2006 cc 000 0 chi d
020 |a 7542623397 
020 |a 9787542623393 
035 0 |a ocm71363791 
040 |a HUA  |c HUA  |d CLU  |d HMY 
050 4 |a PL2878.N142374  |b A6 2006 
100 1 |6 880-01  |a Lin, Huiyin,  |d 1904-1955. 
240 1 0 |a Works.  |k Selections.  |f 2006. 
245 1 0 |6 880-02  |a Lin Huiyin shi wen ji :  |b er shi shi ji Zhongguo "di yi dai cai nü" /  |c Lin Huiyin zhu. 
246 3 0 |6 880-03  |a Er shi shi ji Zhongguo "di yi dai cai nü" 
250 |6 880-04  |a Di 1 ban. 
260 |6 880-05  |a Shanghai Shi :  |b Shanghai san lian shu dian,  |c 2006. 
300 |a 4, 232 p. ;  |c 25 cm. 
880 1 |6 100-01  |a 林徽因,  |d 1904-1955. 
880 1 0 |6 245-02  |a 林徽因诗文集 :  |b 二十世纪中国「第一代才女」 /  |c 林徽因著. 
880 3 0 |6 246-03  |a 二十世纪中国「第一代才女」 
880 |6 250-04  |a 第1版. 
880 |6 260-05  |a 上海市 :  |b 上海三联书店,  |c 2006. 
988 |a 20070126 
049 |a HMYC  |o d 
906 |0 MH